Rekonštrukcia textu pre slovenčinu

Saved in:
Bibliographic Details
Main Author: Ocelík, Peter (Author)
Other Authors: Šimko, Marián (Thesis advisor)
Format: Manuscript Book
Language:Slovak
Published: 2018
Subjects:
Online Access:http://is.stuba.sk/zp/portal_zp.pl?podrobnosti=122962
Tags: Add Tag
No Tags, Be the first to tag this record!

MARC

LEADER 00000ntm a22000003a 4500
001 stuzp70298
003 SK-STU
005 20190304170123.0
007 ta
008 150427s2015----xo-----f-mn---000-0-slo-d
040 |a STU  |b slo 
041 0 |a slo 
044 |a xo 
100 1 |a Ocelík, Peter  |u 070200  |4 aut  |U FIIT Fakulta informatiky a informačných technológií  |T FIIT Ústav informatiky, informačných systémov a softvérového inžinierstva  |X 79685  |U I200  |Y 179  |7 79685 
242 0 1 |a Text reconstruction for Slovak language  |y eng 
245 1 0 |a Rekonštrukcia textu pre slovenčinu 
260 |c 2018 
300 |a 38 s., príl.  |e CD-rom 
650 4 |a jazykový model  |2 slo 
650 4 |a chyby  |2 slo 
650 4 |a rekonštrukcia textu  |2 slo 
650 4 |a errors  |2 eng 
650 4 |a text reconstruction  |2 eng 
650 4 |a language model  |2 eng 
700 1 |a Šimko, Marián  |u 070200  |k Z1  |4 ths  |U FIIT Fakulta informatiky a informačných technológií  |T FIIT Ústav informatiky, informačných systémov a softvérového inžinierstva  |X 30649  |U I200  |Y 179  |7 30649 
856 4 |u http://is.stuba.sk/zp/portal_zp.pl?podrobnosti=122962 
996 |b IZP20180142  |c I*BAP148/18  |l II680  |s P  |a 0  |w stuzp70298_0001